| 000 | 00854nam a2200241Ia 4500 | ||
|---|---|---|---|
| 003 | OSt | ||
| 005 | 20220923221318.0 | ||
| 006 | a|||||r|||| 00| 0 | ||
| 007 | ta | ||
| 008 | 220922b |||||||| |||| 00| 0 hin d | ||
| 024 | _a197,047 | ||
| 037 | _cTextual | ||
| 040 |
_aARTS _cARTS _bhin |
||
| 041 |
_2hin _ahin |
||
| 082 | _aP152, M6 | ||
| 100 | _aशर्मा, वी पी | ||
| 245 | 0 | _aद्वितीय भाषा के रूप में हिन्दी का विश्नेषणात्मक अध्ययन | |
| 246 | _aDvitīya bhāṣhā ke rūp mean hindī kā vishneṣhaṇātmak adhyayana | ||
| 260 |
_aलखनऊ _b साहित्य भण्डार _c1986 |
||
| 300 |
_a171पृ. _ccm. |
||
| 942 |
_hP152, M6 _cTEXL _2CC |
||
| 999 |
_c348918 _d348918 |
||